Engineering economy (Record no. 1549)

000 -LEADER
fixed length control field 00674nam a22002294a 4500
001 - CONTROL NUMBER
control field 1549
003 - CONTROL NUMBER IDENTIFIER
control field BD-DhUET
008 - FIXED-LENGTH DATA ELEMENTS--GENERAL INFORMATION
fixed length control field 000424s2001 njua b 001 0 eng
020 ## - INTERNATIONAL STANDARD BOOK NUMBER
International Standard Book Number 013028128X
040 ## - CATALOGING SOURCE
Original cataloging agency DLC
Transcribing agency DLC
Modifying agency BD-DhUET
082 00 - DEWEY DECIMAL CLASSIFICATION NUMBER
Classification number 620.02
Item number THU/2001
100 ## - MAIN ENTRY--PERSONAL NAME
Personal name Thuesen, G. J.
245 10 - TITLE STATEMENT
Title Engineering economy
Statement of responsibility, etc. by G.J. Thuesen and W.J. Fabrycky
250 ## - EDITION STATEMENT
Edition statement 9th ed.
260 ## - PUBLICATION, DISTRIBUTION, ETC. (IMPRINT)
Place of publication, distribution, etc. New Jersy
Name of publisher, distributor, etc. Prentice Hall
Date of publication, distribution, etc. 2001
300 ## - PHYSICAL DESCRIPTION
Extent xiv, 637 p.
Other physical details ill.
Dimensions 25 cm.
490 ## - SERIES STATEMENT
Series statement Prentice hall international series in industrial and sytems engineering
504 ## - BIBLIOGRAPHY, ETC. NOTE
Bibliography, etc Includes bibliographies
650 #0 - SUBJECT ADDED ENTRY--TOPICAL TERM
Topical term or geographic name as entry element Engineering economy
700 1# - ADDED ENTRY--PERSONAL NAME
Personal name Fabrycky, W. J.
942 ## - ADDED ENTRY ELEMENTS (KOHA)
Koha item type General Book
Holdings
Location (home branch) Damaged status Withdrawn status Lost status Price effective from Koha item type Source of classification or shelving scheme Koha date last borrowed Not for loan Sublocation or collection (holding branch) Koha normalized classification for sorting Piece designation (barcode) Date acquired Shelving location Copy number Koha full call number Koha issues (times borrowed) Koha date last seen
Central Library, BUET   2014-09-08General Book   Central Library, BUET620_000000000000000_02THU20011025962014-09-08Circulation section1620.02/THU/2001 2014-09-08
Central Library, BUET   2014-09-08General Book   Central Library, BUET620_000000000000000_02THU20011025942014-09-08Circulation section2620.02/THU/2001 2014-09-08
Central Library, BUET   2014-09-08General Book 2021-11-29 Central Library, BUET620_000000000000000_02THU20011025902014-09-08Circulation section3620.02/THU/200112021-12-20
Central Library, BUET   2014-09-08General Book   Central Library, BUET620_000000000000000_02THU20011025952014-09-08Circulation section4620.02/THU/2001 2014-09-08
Central Library, BUET   2014-09-08General Book   Central Library, BUET620_000000000000000_02THU20011025892014-09-08Circulation section5620.02/THU/2001 2014-09-08
Central Library, BUET   2014-09-08General Book   Central Library, BUET620_000000000000000_02THU20011025882014-09-08Circulation section6620.02/THU/2001 2014-09-08
Central Library, BUET   2014-09-08General Book 2022-03-21 Central Library, BUET620_000000000000000_02THU20011025922014-09-08Circulation section8620.02/THU/200122022-04-16
Central Library, BUET   2014-09-08General Book   Central Library, BUET620_000000000000000_02THU20011025912014-09-08Circulation section9620.02/THU/2001 2014-09-08
Central Library, BUET   2014-09-15General Book   Central Library, BUET620_000000000000000_02THU20011025932014-09-15Circulation section10620.02/THU/2001 2014-09-15
Central Library, BUET   2014-09-27General Book 2021-12-04 Central Library, BUET620_000000000000000_02THU20011018772014-09-27Circulation section11620.02/THU/200132021-12-20
Central Library, BUET   2014-10-19General Book   Central Library, BUET620_000000000000000_02THU20011128382014-10-19Circulation section12620.02/THU/2001 2014-10-19
Central Library, BUET   2014-11-23General Book   Central Library, BUET620_020000000000000_THU_20011018782014-11-23Circulation section13620.02/THU/2001 2014-11-23